| 000 | 03447cam a2201213 4500 | ||
|---|---|---|---|
| 003 | PE-LiUPU | ||
| 005 | 20250813185709.0 | ||
| 008 | 080221s2007 sp | |||| 000 0 spa | ||
| 020 | _a9788483580332 | ||
| 040 |
_aPE-LiUPU _bspa _cPE-LiUPU _erda |
||
| 041 | 1 |
_aspa _heng |
|
| 080 | _a008.2 | ||
| 080 | _a159.942 | ||
| 082 |
_223 _a303.49 _bN158m |
||
| 100 | 1 |
_aNaisbitt, John _0XX1087192 _eautor. |
|
| 240 | 1 | 0 |
_aMind set! _lEspañol |
| 245 | 1 | 0 |
_aMente futura : _bOnce maneras distintas de prever el futuro / _cJohn Naisbitt ; [traducción de Nicolás Suescún] |
| 246 | 1 |
_iTítulo paralelo de la cubierta _aMind set! |
|
| 250 | _aPrimera edición. | ||
| 264 |
_aBarcelona : _bGranica, _c2007. |
||
| 300 |
_a286 páginas ; _c23 centímetros. |
||
| 500 | _aIncluye agradecimientos, prólogo e introducción. | ||
| 505 | _aMentalidades -- Aunque muchas cosas cambian, la mayor parte permanece constante -- El futuro está incrustado en el presente -- Concéntrese en el marcador del juego -- Comprender el poder de no tener que tener la razón -- Vea el futuro como un rompecabezas -- No se adelante tanto en el desfile como para que puedan pensar que no está en él -- La resistencia al cambio disminuye si los beneficios son reales -- Las cosas que esperamos que sucedan siempre ocurren más lentamente -- No se obtienen resultados con la resolución de problemas sino con el aprovechamiento de las oportunidades -- No sume a menos que reste -- No olvide la ecología de la tecnología -- Imágenes del futuro -- La cultura -- La economía -- China -- Europa -- Nuestra era evolutiva. | ||
| 526 | _aP202 | ||
| 526 | _aP201 | ||
| 526 | _aP163 | ||
| 526 | _aP162 | ||
| 526 | _aP161 | ||
| 526 | _aP160 | ||
| 526 | _aP148 | ||
| 526 | _aP147 | ||
| 526 | _aP146 | ||
| 526 | _aP145 | ||
| 526 | _aP144 | ||
| 526 | _aP143 | ||
| 526 | _aP142 | ||
| 526 | _aP141 | ||
| 526 | _aP140 | ||
| 526 | _aP139 | ||
| 526 | _aP138 | ||
| 526 | _aP137 | ||
| 526 | _aP136 | ||
| 526 | _aP135 | ||
| 526 | _aP134 | ||
| 526 | _aP133 | ||
| 526 | _aP129 | ||
| 526 | _aP128 | ||
| 526 | _aP127 | ||
| 526 | _aP120 | ||
| 526 | _aP119 | ||
| 526 | _aP118 | ||
| 526 | _aP116 | ||
| 526 | _aP115 | ||
| 526 | _aP114 | ||
| 526 | _aP110 | ||
| 526 | _aP109 | ||
| 526 | _aP108 | ||
| 526 | _aP104 | ||
| 526 | _aP103 | ||
| 526 | _aP102 | ||
| 526 | _aP99 | ||
| 526 | _aP98 | ||
| 526 | _aP97 | ||
| 526 | _aP96 | ||
| 526 | _aP95 | ||
| 526 | _aP93 | ||
| 526 | _aP90 | ||
| 526 | _aP89 | ||
| 526 | _aP88 | ||
| 526 | _aP83 | ||
| 526 | _aP82 | ||
| 526 | _aP62 | ||
| 526 | _aP59 | ||
| 526 | _aP58 | ||
| 526 | _aP57 | ||
| 526 | _aP51 | ||
| 526 | _aP49 | ||
| 526 | _aP48 | ||
| 526 | _aP47 | ||
| 526 | _aP29 | ||
| 526 | _aP24 | ||
| 526 | _aP20 | ||
| 526 | _aP19 | ||
| 526 | _aP17 | ||
| 526 | _aP15 | ||
| 526 | _aP14 | ||
| 526 | _aP12 | ||
| 526 | _aP10 | ||
| 526 | _aP09 | ||
| 526 | _aP08 | ||
| 526 | _aP07 | ||
| 526 | _aP06 | ||
| 526 | _aP05 | ||
| 526 | _aP04 | ||
| 526 | _aP01 | ||
| 650 | 1 | 7 |
_aCivilización futura _2embne |
| 650 | 2 | 7 |
_aActitud (Psicología) _2embne |
| 650 | 2 | 4 |
_aPredicciones sociales _94112 |
| 650 | 2 | 4 |
_aMentalidad _94114 |
| 650 | 2 | 4 |
_aProcesamiento de la información humana _94115 |
| 942 |
_2ddc _cBK _n0 |
||
| 956 | _a2 | ||
| 980 |
_618228 _aChristian Lazo Analista Documental _81 _gALBERTO SANCHEZ Responsable de Automatización |
||
| 999 |
_c62456 _d62455 |
||